00463nam a2200121Ia 4500008004100000100002000041245010000061245006100161260004900222260000900271650001300280856004800293170221s9999 xx 000 0 und d aReginald Wilson aMinority accounting students’ socialization in AACSB-accredited minority colleges of business cReginald Wilson, The University of Southern Mississippi. bJournal of Management and Marketing Research c2013 xBusiness uhttp://www.aabri.com/manuscripts/131654.pdf